| 000 | 00778cab a2200265 4500 | ||
|---|---|---|---|
| 001 | WB2942-43 | ||
| 008 | 090401t1993 xxu||||| |||| 00| 0 eng d | ||
| 035 | _a(Sirsi) u67731 | ||
| 041 | _aeng | ||
| 245 | _aOpposition delays RICS White Paper | ||
| 260 | _c1993 | ||
| 350 | _a0 | ||
| 490 |
_aCSW - The Property Week _v54(6) 11 November 1993, 9(1) |
||
| 520 | _aThe RICS white paper on constitutional reform has been delayed because of opposition to the proposals. | ||
| 650 | _aCONSTITUTIONAL REFORM | ||
| 650 | _aCUBBON REPORT | ||
| 650 | _aDESIGNATION | ||
| 650 | _aDIVISIONAL STRUCTURE | ||
| 650 | _aREFORM | ||
| 650 | _aRICS | ||
| 650 | _aSPECIALISM | ||
| 690 | _aMANAGEMENT-BUSINESS MANAGEMENT-PROFESSIONAL PRACTICE | ||
| 942 | _n0 | ||
| 948 | _c04/03/1997 | ||
| 999 |
_c42413 _d42413 |
||